| 000 | 00502 a2200181 4500 | ||
|---|---|---|---|
| 005 | 20260313121709.0 | ||
| 008 | 260312b |||||||| |||| 00| 0 eng d | ||
| 020 |
_a9789350028865 _cRs. 899.00 |
||
| 040 | _aMAIN | ||
| 082 |
_a330.951 _bM726C |
||
| 100 | _a Mohanty, Manoranjan | ||
| 245 | _aChina's transformation: The success story and the success trap | ||
| 260 |
_bAakar Books _aDelhi _c2025 |
||
| 300 | _axx, 376 | ||
| 650 | _aEconomic | ||
| 650 | _aEconomic Conditions-China | ||
| 942 | _cBK | ||
| 999 |
_c394690 _d394690 |
||